000 00727nam a2200217Ia 4500
005 20241129111048.0
008 241129s9999||||xx |||||||||||||| ||und||
020 _a978-93-5518-004-9
037 _aTB
040 _aCRL
_bhin
_cCRL
041 _ahin
_2hin
084 _aY658 152Q9
_qCRL
100 _aपार्वती कुमारी, ले.
245 0 _aकिन्नर समाज: तीसरी ताली
_cपार्वती कुमारी, ले.
260 _aनई दिल्ली, भारत
_bवाणी प्रकाशन
_c2019
300 _a222पृ0
365 _aINR
_b595
650 _aSociology
942 _cTB
_hY658 152Q9
999 _c1228763
_d1228763